000 00896nam a2200217Ia 4500
999 _c37710
_d37710
001 3684
003 GE_BSU
005 20190523190120.0
008 181216s1975||||ge |||||||||||||| ||geo||
040 _cGE_BSU
041 _ageo
080 _a511.2(072) რ-97
100 _aრუხაძე,ა.
_91549
245 _aრიცხვითი ანალიზის ელემენტები :დამხ.სახელმძღ. /
_cა.რუხაძე ; ნ. ართმელაძე; რედ : ვ.ბადაგაძე.
264 _aთბილისი :
_bსპი,
_c1975.
300 _a82 გვ
_c20 სმ.
653 _aრიცხვითი ანალიზის ელემენტები.
700 _aართმელაძე, ა
_91550
700 _a.ბადაგაძე, ვ
_eრედაქტორი
_91551
942 _cBK
_2udc